000 00334nam a2200133Ia 4500
008 200103s9999||||xx |||||||||||||| ||und||
040 _aIMU-MPC
082 _aColumn-49
100 _aGupta, S. L. and Kumar, V.
245 0 _aHandbook of Electronics
260 _bPragati Prakashan, Meerut
_c1985
300 _axviii, 1628
942 _cBK
999 _c9721
_d9721